Learning outdoors.

Ideas for how to use outside space as a valuable resource for learning across the primary curriculum, especially in numeracy, as well as how learning outdoors can have a positive impact on achievement at Key Stage 2.

Bibliographic Details
Corporate Author: Big Heart Media (Producer)
Format: Video
Language:English
Language Notes:This edition in English.
Published: [London] : Teachers TV/UK Dept. of Education, 2010.
Series:Boost your teaching ; 8
Education in video
Subjects:
Online Access:Connect to this streaming video (Alexander Street Press)

MARC

Tag First Indicator Second Indicator Subfields
LEADER 00000cgm a2200000Ma 4500
001 in00005560713
006 m o c
007 cr |n|---||a|a
007 vz |zazu|
008 120229s2010 enk006 o vleng d
005 20241201231303.8
035 |a (OCoLC)ocn815773614 
040 |a ALSTP  |b eng  |e pn  |c ALSTP  |d OCLCO  |d OCLCQ  |d OCLCO  |d OCLCQ  |d OCLCO  |d VZF  |d OCLCQ  |d OCLCA  |d OCLCQ  |d OCLCF  |d MNI  |d INT  |d OCLCQ  |d WYU  |d OCLCO  |d OCLCL 
035 |a (OCoLC)815773614 
043 |a e-uk--- 
050 4 |a PN1200eb 
049 |a TXAM 
245 0 0 |a Learning outdoors. 
260 |a [London] :  |b Teachers TV/UK Dept. of Education,  |c 2010. 
300 |a 1 online resource (6 min.). 
336 |a two-dimensional moving image  |b tdi  |2 rdacontent 
337 |a computer  |b c  |2 rdamedia 
338 |a online resource  |b cr  |2 rdacarrier 
490 0 |a Boost your teaching ;  |v 8 
490 0 |a Education in video 
500 |a Title from resource description page (viewed Mar. 5, 2012). 
520 |a Ideas for how to use outside space as a valuable resource for learning across the primary curriculum, especially in numeracy, as well as how learning outdoors can have a positive impact on achievement at Key Stage 2. 
546 |a This edition in English. 
650 0 |a Mathematics  |x Study and teaching (Primary)  |z Great Britain. 
650 0 |a Numeracy  |x Study and teaching (Primary)  |z Great Britain. 
650 0 |a Outdoor education  |x Activity programs. 
650 0 |a Education, Primary  |x Curricula  |z Great Britain. 
650 6 |a Numératie  |x Étude et enseignement (Primaire)  |z Grande-Bretagne. 
650 7 |a Education, Primary  |x Curricula.  |2 fast  |0 (OCoLC)fst00903213 
650 7 |a Mathematics  |x Study and teaching (Primary)  |2 fast  |0 (OCoLC)fst01012297 
650 7 |a Numeracy  |x Study and teaching (Primary)  |2 fast  |0 (OCoLC)fst01041253 
651 7 |a Great Britain.  |2 fast  |0 (OCoLC)fst01204623  |1 https://id.oclc.org/worldcat/entity/E39PBJdmp7p3cx8hpmJ8HvmTpP 
655 4 |a Alexander Street Video. 
655 7 |a Instructional television programs.  |2 fast  |0 (OCoLC)fst01726126 
655 7 |a Instructional television programs.  |2 lcgft 
655 7 |a Émissions pédagogiques télévisées.  |2 rvmgf 
710 2 |a Big Heart Media.  |4 pro 
776 0 8 |i Print version:  |t Learning outdoors.  |d [London] : Teachers TV/UK Dept. of Education, 2010 publisher catalog number  |o C/4392/008 
856 4 0 |u http://proxy.library.tamu.edu/login?url=https://www.aspresolver.com/aspresolver.asp?AVN2;1782100  |z Connect to this streaming video (Alexander Street Press)  |t 0 
955 |a Alexander Street Press subscription streaming video 
994 |a 92  |b TXA 
999 f f |s c3c763e7-3f74-46e5-a61a-34e9558e654d  |i fa6c0ff4-b1e5-43f9-b45b-806a25ef249b  |t 0 
952 f f |a Texas A&M University  |b College Station  |c Electronic Resources  |d Available Online  |t 0  |e PN1200eb   |h Library of Congress classification 
998 f f |a PN1200eb   |t 0  |l Available Online